Снижение остаточных внутренних напряжений алюминиевых сплавов; Современные техника и технологии; Т. 2

Bibliografiset tiedot
Parent link:Современные техника и технологии: сборник трудов XVI Международной научно-практической конференции студентов, аспирантов и молодых ученых, Томск, 12-16 апреля 2010 г/ Национальный исследовательский Томский политехнический университет (ТПУ).— , 2010
Т. 2.— 2010.— [С. 185-187]
Päätekijä: Машкарова О. В.
Muut tekijät: Герасимов С. А. (научный руководитель), Овечкин Б. Б.
Yhteenveto:Заглавие с титульного листа
Электронная версия печатной публикации
Kieli:venäjä
Julkaistu: 2010
Aiheet:
Linkit:http://www.lib.tpu.ru/fulltext/c/2010/C01/V2/078.pdf
Aineistotyyppi: Elektroninen Kirjan osa
KOHA link:https://koha.lib.tpu.ru/cgi-bin/koha/opac-detail.pl?biblionumber=232892

MARC

LEADER 00000nla2a2200000 4500
001 232892
005 20231031203448.0
035 |a (RuTPU)RU\TPU\book\253949 
035 |a RU\TPU\book\253948 
090 |a 232892 
100 |a 20130221d2010 k y0rusy50 ca 
101 0 |a rus 
102 |a RU 
105 |a y z 101zy 
135 |a drnn ---uucaa 
181 0 |a i  
182 0 |a b 
200 1 |a Снижение остаточных внутренних напряжений алюминиевых сплавов  |b Электронный ресурс  |f О. В. Машкарова  |g науч. рук. С. А. Герасимов ; науч. рук. Б. Б. Овечкин 
203 |a Текст  |c электронный 
215 |a 1 файл (343 Кб) 
230 |a Электронные текстовые данные (1 файл : 343 Кб) 
300 |a Заглавие с титульного листа 
300 |a Электронная версия печатной публикации 
337 |a Adobe Reader 
461 0 |0 (RuTPU)RU\TPU\book\245271  |t Современные техника и технологии  |o сборник трудов XVI Международной научно-практической конференции студентов, аспирантов и молодых ученых, Томск, 12-16 апреля 2010 г  |o в 3 т.  |f Национальный исследовательский Томский политехнический университет (ТПУ)  |d 2010 
463 0 |0 (RuTPU)RU\TPU\book\250479  |t Т. 2  |v [С. 185-187]  |d 2010  |p [426 с.] 
610 1 |a электронный ресурс 
610 1 |a алюминиевые сплавы 
610 1 |a остаточные напряжения 
610 1 |a деформация 
610 1 |a деформационно-прочностные свойства 
610 1 |a поверхности 
610 1 |a температурные измерения 
610 1 |a закалка 
610 1 |a прочность 
610 1 |a пластичность 
700 1 |a Машкарова  |b О. В. 
702 1 |a Герасимов  |b С. А.  |4 727 
702 1 |a Овечкин  |b Б. Б.  |4 727 
801 1 |a RU  |b 63413507  |c 20130213 
801 2 |a RU  |b 63413507  |c 20130508  |g RCR 
856 4 |u http://www.lib.tpu.ru/fulltext/c/2010/C01/V2/078.pdf 
942 |c CF